Poesie di Ossian antico poeta celtico. (Record no. 161141)

MARC details
000 -LEADER
campo de control de longitud fija 00713nam a22002055i 4500
001 - NÚMERO DE CONTROL
campo de control 161141
003 - IDENTIFICADOR DE NÚMERO DE CONTROL
campo de control ES-MaACL
005 - FECHA Y HORA DE LA ÚLTIMA TRANSACCIÓN
campo de control 20251118185316.0
008 - DATOS DE LONGITUD FIJA--INFORMACIÓN GENERAL
campo de control de longitud fija 041019s1817 it |||| | ita d
040 ## - FUENTE DE CATALOGACIÓN
Centro catalogador/agencia de origen CAM
Lengua de catalogación spa
Centro/agencia transcriptor CAM
100 1# - ENTRADA PRINCIPAL--NOMBRE DE PERSONA
Nombre de persona Ossian (
Fechas asociadas al nombre s. III)
9 (RLIN) 130731
245 10 - MENCIÓN DEL TÍTULO
Título Poesie di Ossian antico poeta celtico.
260 ## - PUBLICACIÓN, DISTRIBUCIÓN, ETC.
Lugar de publicación, distribución, etc. Pisa :
Nombre del editor, distribuidor, etc. Presso Niccoló Capurro,
Fecha de publicación, distribución, etc. 1817.
300 ## - DESCRIPCIÓN FÍSICA
Extensión 2 v. (XI, 299; 435 p.) ;
Dimensiones 19 cm.
490 1# - MENCIÓN DE SERIE
Mención de serie Opere dell'abate Melchior Cesaroti pavodano
700 1# - ENTRADA AGREGADA--NOMBRE PERSONAL
Nombre de persona Cesarotti, Melchiore,
Fechas asociadas al nombre 1730-1808
9 (RLIN) 126430
830 0# - PUNTO DE ACCESO ADICIONAL DE SERIE-TÍTULO UNIFORME
Título uniforme Opere dell'abate Melchior Cesaroti pavodano
9 (RLIN) 222086
852 ## - LOCALIZACIÓN
Ubicación ES-MaACL
Número de control de estantería C-1385
Nota libre -- Enc. pasta española
-- -- 2 t. en 1 v.
Holdings
Estatus retirado Estado de pérdida Estado de daño No para préstamo Colección Biblioteca de origen Biblioteca actual Ubicación en estantería Fecha de adquisición Fuente de adquisición Total de préstamos Signatura topográfica completa Código de barras Visto por última vez Precio de reemplazo Tipo de ítem Koha
        Libros del s. XIX Biblioteca del Ateneo de Madrid Biblioteca del Ateneo de Madrid Sala Palomar 17/01/2008     C-1385 1168780 23/02/2023 23/02/2023 Libro impreso antiguo